Kepelbagaian biologi & ekologi fauna di Malaysia

Bibliographic Details
Other Authors: Shukor Md. Nor, Sinnappah-Kang, Neeta D.
Format: Book
Published: Bangi, Selangor : Penerbit Universiti Kebangsaan Malaysia , 2003
Subjects:

MARC

LEADER 00000cam a2200000 7i4500
001 0000003511
005 20060406.0
020 0 0 |a 9679426416 
090 0 0 |a 574.09595   |b KEP 
245 1 0 |a Kepelbagaian biologi & ekologi fauna di Malaysia   |c disunting oleh Shukor Md. Nor dan Neeta D. Sinnappah-Kang 
260 0 0 |a Bangi, Selangor :   |b Penerbit Universiti Kebangsaan Malaysia ,   |c 2003 
300 |a 227ms. :   |b il. ;   |c 23cm. 
650 0 0 |a Biology 
700 1 1 |a Shukor Md. Nor 
700 1 1 |a Sinnappah-Kang, Neeta D. 
999 |a 0000006859   |b Monograph   |c Open Shelf   |e Default branch